Dasar-dasar negara

Bibliographic Details
Main Author: Jasiman Ahmad
Corporate Author: Title
Format: Book
Published: Kuala Lumpur : Jade green publication sdn.bhd , 2006
Series:Siri Kenegaraan Malaysia
Subjects:

MARC

LEADER 00000cam a2200000 7i4500
001 0000004658
005 20151222.0
008 070730
020 |a 983198062X 
090 0 0 |a ECO   |b MAL 
100 1 |a Jasiman Ahmad 
245 1 0 |a Dasar-dasar negara   |c Jasiman Ahmad 
260 |a Kuala Lumpur :   |b Jade green publication sdn.bhd ,   |c 2006 
440 0 |a Siri Kenegaraan Malaysia 
500 |a Children ages 10-12 years old (pink) 
650 0 |a Malaysia   |x Economic policy   |x Juvenile literature 
710 0 |a Title 
999 |a 0000976748   |b Book   |c Adult Collection   |e Cawangan Bandar Penawar 
999 |a 0000978629   |b Book   |c Children Collection   |e Perbadanan Perpustakaan Awam Johor 
999 |a 0000978630   |b Book   |c Children Collection   |e Cawangan Segamat 
999 |a 0000978631   |b Book   |c Children Collection   |e Cawangan Pontian 
999 |a 0000978632   |b Book   |c Children Collection   |e Perbadanan Perpustakaan Awam Johor 
999 |a 0000978633   |b Book   |c Children Collection   |e Cawangan Mersing